MARC details
| 000 -CABECERA |
| campo de control de longitud fija |
01900cas a2200313u 4500 |
| 001 - NÚMERO DE CONTROL |
| campo de control |
10571935 |
| 005 - FECHA Y HORA DE LA ÚLTIMA TRANSACCIÓN |
| campo de control |
20260223151321.0 |
| 008 - DATOS DE LONGITUD FIJA--INFORMACIÓN GENERAL |
| campo de control de longitud fija |
851203c18619999enkwu 0 0eng |
| 010 ## - NÚMERO DE CONTROL DE LA BIBLIOTECA DEL CONGRESO |
| Número de control de LC |
54040727 |
| 022 ## - NÚMERO INTERNACIONAL NORMALIZADO PARA PUBLICACIONES SERIADAS |
| Número Internacional Normalizado para Publicaciones Seriadas |
0017-4351 |
| 035 ## - NÚMERO DE CONTROL DEL SISTEMA |
| Número de control de sistema |
10571935 |
| 040 ## - FUENTE DE LA CATALOGACIÓN |
| Centro catalogador/agencia de origen |
DLC |
| Centro/agencia transcriptor |
CarP |
| Centro/agencia modificador |
DLC |
| 043 ## - CÓDIGO DE ÁREA GEOGRÁFICA |
| Código de área geográfica |
e-uk--- |
| 050 00 - SIGNATURA TOPOGRÁFICA DE LA BIBLIOTECA DEL CONGRESO |
| Número de clasificación |
HF5001 |
| Número de documento/Ítem |
.G7 |
| 245 04 - MENCIÓN DE TÍTULO |
| Título |
The Grocer. |
| 250 ## - MENCIÓN DE EDICIÓN |
| Mención de edición |
Physical copies are available on the journal display stand. The first issue received in print is dated 14 February 2026. |
| 260 ## - PUBLICACIÓN, DISTRIBUCIÓN, ETC. |
| Lugar de publicación, distribución, etc. |
London |
| Nombre del editor, distribuidor, etc. |
[W. Reed, etc.] |
| Fecha de publicación, distribución, etc. |
[n.d.] |
| 300 ## - DESCRIPCIÓN FÍSICA |
| Extensión |
v. |
| Otras características físicas |
ill., ports. |
| Dimensiones |
29 cm. |
| 310 ## - PERIODICIDAD ACTUAL |
| Periodicidad actual |
Weekly |
| 362 1# - FECHAS DE PUBLICACIÓN Y/O DESIGNACIÓN SECUENCIAL |
| Fecha de publicación y/o designación secuencial |
Began in 1861? |
| 505 ## - NOTA DE CONTENIDO CON FORMATO |
| Nota de contenido con formato |
The Grocer is a leading UK trade magazine covering the food and grocery industry. It provides news, market analysis, company reports, retail trends, product launches, supply chain developments, and industry data.<br/><br/>It is widely used by professionals in retail, FMCG, food manufacturing, and distribution, and is a valuable source for research in areas such as:<br/><br/>Retail strategy — <br/><br/>Brand management — <br/><br/>Consumer trends — <br/><br/>Supply chain and logistics — <br/><br/>Sustainability in food and grocery.<br/><br/>Publication type: Trade journal: <br/>Coverage: United Kingdom (with international industry relevance) — <br/>Audience: Industry professionals, analysts, researchers.<br/><br/>If you need access to specific articles or archive content, please contact the Library: biblioteca@tbs-education.es |
| 525 ## - NOTA DE SUPLEMENTO |
| Nota de suplemento |
Supplements accompany some issues. |
| 650 #0 - PUNTO DE ACCESO ADICIONAL DE MATERIA--TÉRMINO DE MATERIA |
| Término de materia o nombre geográfico como elemento de entrada |
Grocery trade |
| Subdivisión geográfica |
Great Britain |
| Subdivisión de forma |
Periodicals. |
| 780 15 - ENLACE A UN TÍTULO/ENTRADA ANTERIOR |
| Título |
Grocery marketing |
| 780 15 - ENLACE A UN TÍTULO/ENTRADA ANTERIOR |
| Título |
Confectioner, tobacconist, newsagent |
| 856 ## - LOCALIZACIÓN Y ACCESO ELECTRÓNICOS |
| Identificador Uniforme del Recurso |
<a href="https://forms.office.com/e/9nxv3na4mn">https://forms.office.com/e/9nxv3na4mn</a> |
| Texto de enlace |
Please fill in this form if you require access to an article from the archive or if you are carrying out a subject search. |
| 856 ## - LOCALIZACIÓN Y ACCESO ELECTRÓNICOS |
| Identificador Uniforme del Recurso |
<a href="https://www.thegrocer.co.uk/">https://www.thegrocer.co.uk/</a> |
| Texto de enlace |
Website of The Grocer |
| 942 ## - ELEMENTOS DE ENTRADA AGREGADA (KOHA) |
| Fuente del sistema de clasificación o colocación |
Clasificación de Library of Congress |